000 00653nam a22002177a 4500
999 _c6461
_d6461
003 GBCCL
005 20241126110603.0
008 180515b ||||| |||| 00| 0 eng d
020 _a0830716432
040 _cgbc
082 _a268.433
_bYOU
100 _aBurns, Jim
_94836
245 _aThe word on prayer and the devotional life /
_cJim Burns
260 _aUnited States of America:
_bGospel Light,
_c1994
300 _a213 p.;
_bill.,
_c28 cm.
440 _aYouth Builders Group Bible Studies
_v2
_911568
650 _aPrayer
_9332
650 _aTeenagers
_xReligious life
_95860
650 _aChristian education of teenagers
_910659
942 _2ddc
_cBK